Discrete nonlinear models of the Boltzmann equation /

Guardado en:
Autor Principal: Sultangazin, U. M. 1936-
Formato: Libro
Idioma:English
Russian
Publicado: Moscow : General Editorial Board for Foreign Language Publications, Nauka Publishers, 1987.
Materias:
Etiquetas: Agregar Etiqueta
Sin Etiquetas, Sea el primero en etiquetar este registro!
LEADER 00993nam a2200241 a 4500
001 MAT.inmabb006150
008 880223s1987####rura#####b####000#0#eng#d
005 20130314171329.0
245 1 0 |a Discrete nonlinear models of the Boltzmann equation /  |c U. Sultangazin ; [translated from the Russian by Alexander Repyev]. 
260 |a Moscow :  |b General Editorial Board for Foreign Language Publications, Nauka Publishers,  |c 1987. 
300 |a 191 p. :  |b il. ;  |c 21 cm. 
500 |a Traducción de: Diskretnye nelineinye modeli uravneniia Bol'tsmana. 
504 |a Incluye referencias bibliográficas (p. 191). 
510 4 |a MR,  |c 90f:82020 
100 1 |a Sultangazin, U. M.  |q (Umirzak Makhmutovich),  |d 1936- 
240 1 0 |a Diskretnye nelineinye modeli uravneniia Bol'tsmana.  |l Inglés 
650 0 |a Transport theory. 
650 0 |a Thermodynamics. 
084 |a 82A40 (35Q20 45K05 76P05)  |2 MR 
010 |a  88114283  
040 |a CU  |c DLC  |d DLC 
041 1 |a eng  |h rus 
859 |h 82  |i Su954  |p A-6970  |b BIB. MATEMATICA